泰拉大地现代诸国 The modern countries of Terra - Statistics

General Stats
  • This quiz has been taken 79 times
  • The average score is 15 of 20
Answer Stats
性质 国家/城邦 % Correct
国家
97%
国家
97%
国家 维多利亚
92%
国家 乌萨斯
91%
国家 哥伦比亚
89%
国家 伊比利亚
85%
国家 莱塔尼亚
83%
国家 萨尔贡
83%
国家 卡西米尔
78%
独立城邦 汐斯塔
78%
国家 萨米
75%
国家 叙拉古
75%
国家 玻利瓦尔
71%
国家 卡兹戴尔
71%
国家 拉特兰
69%
国家 谢拉格
69%
国家 阿戈尔
68%
国家 雷姆必拓
63%
国家 米诺斯
57%
国家 杜林
25%
No matching quizzes found
Score Distribution
Percent of People with Each Score
Percentile by Number Answered
Your Score History
You have not taken this quiz